| 000 | 00959nam a2200277 a 4500 | ||
|---|---|---|---|
| 999 |
_c1879 _d1879 |
||
| 003 | OSt | ||
| 005 | 20190621112116.0 | ||
| 008 | 131024s1993 sz ||||| |||| 00| 0 eng d | ||
| 020 | _a92-4-157155-1 | ||
| 040 | _cBiblioteca Medicina | ||
| 041 | _aeng | ||
| 082 | _aOMS QH 541.15.B615 | ||
| 110 |
_aOrganizacion Mundial de la Salud _91006 |
||
| 245 | 0 | 0 | _aEnvironmental Health Criteria 155: Biomarkers and Risk Assessment, concepts and principles |
| 250 | _a1º ed. | ||
| 260 |
_aGinebra _bOrganizacion Mundial de la Salud _c1993 |
||
| 300 | _a82 p. | ||
| 440 | 0 | 0 |
_aInternatinal Programme on Chemical Safety _92784 |
| 500 | _aBaja Depósito Caja 31 Junio 2019 | ||
| 546 | _aTexto en ingles, resumen y conclusion en español | ||
| 653 | _aMARCADORES BIOLOGICOS | ||
| 653 | _aEXPOSICION A RIESGOS AMBIENTALES | ||
| 653 | _aSUSTANCIAS PELIGROSAS | ||
| 856 | _yhttp://www.who.int/ipcs/publications/ehc/ehc_numerical/en/index.html | ||
| 942 |
_2ddc _cPH |
||